000 00488pab a2200169 454500
008 180718b2011 xxu||||| |||| 00| 0 eng d
100 _aLauster, Nathanael
245 _aNo room for new families? A field experiment measuring rental discrimination against same-sex couples and single parents
260 _c2011
300 _ap.389-409.
362 _aAug
650 _aSex discrimination
700 _aEasterbrook, Adam
773 _aSocial Problems
908 _aN
909 _a93326
999 _c93326
_d93326